000 00371nam a22001217a 4500
999 _c1245
_d1245
005 20200826152153.0
008 200826b ||||| |||| 00| 0 eng d
020 _a0590076957
040 _cCML
245 _aScope English Anthology: Level Three.
_cDrake, R.
260 _aNew york
_bScholastic Book service
_c1956
942 _2ddc
_cBK
_e1st Edition
_h428
_mFOR